| 000 | 00359nam a22001457a 4500 | ||
|---|---|---|---|
| 003 | CEME | ||
| 005 | 20210628205126.0 | ||
| 008 | 210226b xxu||||| |||| 00| 0 eng d | ||
| 040 | _c. | ||
| 082 | _a669.142 DES'I | ||
| 245 | _aDesigner's guide to modern steel | ||
| 260 |
_aUSA _bAMERICAN IRON AND STEEL INSTITUTE _c1967 |
||
| 300 | _a107P | ||
| 942 |
_cBK _2ddc |
||
| 999 |
_c579642 _d579642 |
||